| 000 | 00696nam a2200205Ii 4500 | ||
|---|---|---|---|
| 003 | JO-AjNU | ||
| 008 | 230605s9999||||xx |||||||||||||| ||und|| | ||
| 040 |
_aJO-AjNU _bara _erda _cJO-AjNU |
||
| 041 | _aara | ||
| 050 | 1 | 4 | _aBP173.758.1998 |
| 100 | 3 |
_aالهيتي،عبد الرزاق رحيم جدي, _eauthor _928153 |
|
| 245 | 0 | 0 | _aالمصارف الإسلامية بين النظرية والتطبيق |
| 250 | _aط1 | ||
| 264 | 3 | 1 | _aعمان:دار اسامة للنشر والتوزيع ،1998 |
| 300 | _a795ص | ||
| 336 |
_atext _btxt _2rdacontent |
||
| 337 |
_aunmediated _bn _2rdamedia |
||
| 338 |
_avolume _bnc _2rdacarrier |
||
| 650 | 4 |
_aالاقتصاد الاسلامي _928154 |
|
| 999 |
_aA10884 _c14452 _d14452 |
||